| 000 | 01430cam a22004097a 4500 | ||
|---|---|---|---|
| 003 | CHAP | ||
| 005 | 20220329142625.0 | ||
| 008 | 020523d1972 mx d r 00110 spa d | ||
| 010 | _a85769 | ||
| 011 | _a86741 | ||
| 035 | _a97281 | ||
| 040 | _cCHAP | ||
| 082 | 0 | 4 |
_a320.12 _bC3Y |
| 100 | 0 | 0 |
_aCastro, Josué de. _920457 |
| 245 | 1 | 0 |
_aGeopolítica del hambre _c/por Josué de Castro |
| 260 |
_aMadrid, Esp. : _bGuadarrama, _c1972- |
||
| 300 |
_av. : _bcuadro |
||
| 410 | 2 | 1 | _aPunto Omega |
| 490 | 0 |
_aColección universitaria de bolsillo _v; 140/141 |
|
| 500 | _aLa biblioteca tiene: v.1, v.2 | ||
| 500 | _aTraducción de: Geopolitique de la Faim, 1952 | ||
| 590 |
_aBATCH-UPD _b10 _c20130110 _lUCH01 _h0456 |
||
| 590 |
_aBATCH-UPD _b10 _c20130110 _lUCH01 _h2213 |
||
| 590 |
_aBATCH-UPD _b10 _c20130410 _lUCH01 _h0133 |
||
| 590 |
_aBATCH-UPD _b10 _c20130410 _lUCH01 _h1642 |
||
| 590 |
_aBATCH-UPD _b10 _c20130914 _lUCH01 _h1541 |
||
| 590 |
_aCONVERSION _b10 _c20130109 _lUCH01 _h1348 |
||
| 650 | 1 | 4 |
_aGeopolítica. _947666 |
| 650 | 1 | 4 |
_aHambre. _952413 |
| 810 | 0 | 0 |
_aPunto Omega _993027 |
| 830 | 0 | 0 |
_aColección universitaria de bolsillo _v; 140/141 _925016 |
| 901 | _aBK | ||
| 905 | _aMarco A. Mendoza T. | ||
| 942 | _cLIBRO | ||
| 949 |
_a320.12 C3Y _bBC _cLIBRO _d33724000850640 _eLIBRO _fv.1 _gDonaciØn conasupo _h98094 _i97281 _sb |
||
| 949 |
_a320.12 C3Y _bBC _cLIBRO _d33724000850657 _eLIBRO _fv.2 _gDonaciØn conasupo _h95371 _i97281 _sb |
||
| 999 |
_c85769 _d85769 |
||